Catálogo
 En Linea

Los paisajes petroleros de Zulia en la mirada Alemana : (Registro nro. 36748)

Detalles MARC
000 -CABECERA
campo de control de longitud fija 00966nam a2200229 a 4500
001 - NÚMERO DE CONTROL
campo de control 000037258
005 - FECHA Y HORA DE LA ÚLTIMA TRANSACCIÓN
campo de control 20200930080238.0
008 - DATOS DE LONGITUD FIJA--INFORMACIÓN GENERAL
campo de control de longitud fija 120321s2010 ve ab 000 0 spa d
020 ## - NÚMERO INTERNACIONAL ESTÁNDAR DEL LIBRO
Número Internacional Estándar del Libro 9789807053037
040 ## - FUENTE DE LA CATALOGACIÓN
Centro catalogador/agencia de origen DO-SdBNP
Lengua de catalogación spa
Centro/agencia transcriptor BNPHU
082 ## - NÚMERO DE LA CLASIFICACIÓN DECIMAL DEWEY
Número de clasificación xxx
Número de documento/Ítem P977p
100 1# - ENTRADA PRINCIPAL--NOMBRE DE PERSONA
Nombre de persona Puerta Bautista, Lorena
9 (RLIN) 63675
245 14 - MENCIÓN DE TÍTULO
Título Los paisajes petroleros de Zulia en la mirada Alemana :
Resto del título (1920-1940) /
Mención de responsabilidad, etc. Lorena Puerta Bautista.
260 ## - PUBLICACIÓN, DISTRIBUCIÓN, ETC.
Lugar de publicación, distribución, etc. Caracas, Venezuela :
Nombre del editor, distribuidor, etc. Archivo General de la Nación,
-- Centro Nacional de Historia,
Fecha de publicación, distribución, etc. 2010.
300 ## - DESCRIPCIÓN FÍSICA
Extensión 120 p. :
Otras características físicas il., maps ;
Dimensiones 21 cm.
490 1# - MENCIÓN DE SERIE
Mención de serie Bicentenario
Designación de volumen o secuencia 4
500 ## - NOTA GENERAL
Nota general Incluye datos biográficos de la autora en la solapa de la contracubierta.
500 ## - NOTA GENERAL
Nota general Incluye referencias bibliográficas y notas al pie de las páginas.
504 ## - NOTA DE BIBLIOGRAFÍA, ETC.
Nota de bibliografía, etc. Bibliografía: p. 111-120
505 2# - NOTA DE CONTENIDO CON FORMATO
Nota de contenido con formato Maracaibo del café al petróleo
Título Maracaibo en la mirada de Julia Bornhorst
-- Georgi en Maracaibo.
830 #0 - PUNTO DE ACCESO ADICIONAL DE SERIE-TÍTULO UNIFORME
Título uniforme Bicentenario
Número de parte o sección de la obra 4
9 (RLIN) 63676
Existencias
Estado de retiro Estado de pérdida Restricciones de uso No para préstamo Código de colección Localización permanente Ubicación/localización actual Ubicación en estantería Fecha de adquisición Número de inventario Total de préstamos Signatura topográfica completa Código de barras Fecha visto por última vez Precio válido a partir de Tipo de ítem Koha
        Monografías: Libros y Folletos General General Orden iniciada 21.03.2012 LF1   xxx P977p 37258-10 25.06.2020 25.06.2020 No se presta

Con tecnología Koha